00587nam a2200193Ia 450000500170000000800410001702000150005808200130007310000150008610000190010124500670012026000380018730000120022565000180023765000220025594200060027795200950028399900150037820240606014039.0240331s9999 xx 000 0 und d a9559255002 bLEAa341 aLeary, V.A aWickremasinghe 3aAn introductory guide to human rights law and humanitarian law bThe Nadesan CentreaColomboc1993 a68 p.,  aHuman Rights  aHumanitarian Law  cL 001040708LaWERCLbWERCLcSSCd2024-03-31l0o 341 LEAp3242r2024-03-31w2024-03-31yL c2816d2816